000 00699cam a2200145 4500500
005 20251228073806.0
041 _afre
042 _adc
100 1 0 _aLe Dinahet, Marie-Thérèse
_eauthor
245 0 0 _aKORKUT Taner, Guirlande-Ostotheken aus Kalkstein in Pamphylien und Kilikien, Untersuchungen zur Typologie, Ikonographie und Chronologie (DAI, Sarkophag-Studien, 4), Mayence / Rhin, Philipp von Zabern, 2006, 1 vol. 21 × 28,5, X + 108 p., 38 fig., 64 pl. h. t.
260 _c2009.
500 _a1
786 0 _nRevue archéologique | 47 | 1 | 2009-09-10 | p. 81t-148t | 0035-0737
856 4 1 _uhttps://shs.cairn.info/revue-archeologique-2009-1-page-81t?lang=fr&redirect-ssocas=7080
999 _c1596027
_d1596027